| 000 | 00355nam a2200145Ia 4500 | ||
|---|---|---|---|
| 008 | 150201s2004 xx 000 0 und d | ||
| 082 |
_a611.313 _bO2004T |
||
| 100 | _aTEN CATE'S | ||
| 245 | _aORA L HISTOLOGY :DEVELOPMENT STRUCTURE | ||
| 250 | _a6TH | ||
| 260 |
_bELSEVIER _aDELHI _c2004 |
||
| 300 | _a1-445 | ||
| 650 | _aDENTAL ANATOMY | ||
| 942 |
_2ddc _cBK |
||
| 999 |
_c3253 _d3253 |
||